| 000 | 01110nam a22002537a 4500 | ||
|---|---|---|---|
| 005 | 20170124103144.0 | ||
| 010 | _aB-145569 | ||
| 020 |
_c75.00 _a8123011342 |
||
| 035 | _aB-145569 | ||
| 037 | _bCen Lib/Ret | ||
| 040 |
_aDPL _bHN |
||
| 082 |
_a823.08 _bमटिया |
||
| 100 |
_aमटियानी, शैलेश _985613 |
||
| 245 |
_aजन कथाकार शैलेश मटियानी / _cशैलेश मटियानी |
||
| 246 |
_aJan kathakaar shailesh matiyani _bby Shailesh Matiyani |
||
| 260 |
_aनई दिल्ली _bप्रकाशन विभाग _c2004 |
||
| 270 |
_aपटियाला हाउस _bनई दिल्ली _e110001 |
||
| 300 |
_a206पृष्ठ. _c20सेमी(अजिल्द) |
||
| 650 |
_aहिंदी साहित्य _985614 |
||
| 650 |
_aसंघर्षमय जीवन की कहानियां - हिंदी _985615 |
||
| 650 |
_ahindi Literature _985616 |
||
| 650 |
_aStruggling life stories - hindi _985617 |
||
| 942 |
_2ddc _cHN _h823.08 _mमटिया |
||
| 999 |
_c119568 _d119568 |
||